Games for English learning

Saved in:
Bibliographic Details
Format: Book
Tags: Add Tag
No Tags, Be the first to tag this record!
Institutions: Mạng thư viện Đại học Đà Nẵng
LEADER 00417nam a22001691a 4500
001 000038120
003 14415
005 20160412021226.0
008 160412s0 000
082 |a 4A(07)1695-97 
245 |a Games for English learning  |c Andrew Wright 
OWN |a LNN 
999 |a From the UDN01 
TYP |a Monograph 
980 |a Mạng thư viện Đại học Đà Nẵng